000 00303nam a22001337a 4500
008 181011b xxu||||| |||| 00| 0 eng d
020 _a9780321166395
041 _aeng
080 _a510
100 _a36
101 _aMAT
245 _aCalculus and Its Applications
_cBittinger, M.L
942 _2udc
_cBK
999 _c49392
_d49392